00688nam a2200181 i 450000100060000000300090000600500170001500700030003200800410003510000300007624501140010626000490022030000340026970000280030385200320033199900170036395201260038071678ES-MaACL20230906171210.0t|040817s1960 sp ||||1| spa d1 aGerlach, Heinrich.95645613aEl ejército traicionado b: Stalingrado, 1942-1943 / cHeinrich Gerlach ; [traducción de Manuel Entenza]. aBarcelona : bNoguer, c[1960] (fNúñez) a560 p. : bgráf. ; c22 cm.1 aEntenza, Manuel.947304 aES-MaACLjC-17989 bR.46056 c71678d71678 00104070aATENEOMbATENEOMcGaleríad2008-01-17eSCl0oC-17989p1075040r2023-02-23 00:00:00w2023-02-23yMONOGRAFIA